Nyaysangat aur samaveshi shiksha (Record no. 393810)
[ view plain ]
| 000 -LEADER | |
|---|---|
| fixed length control field | 00505 a2200193 4500 |
| 005 - DATE & TIME | |
| control field | 20260102114654.0 |
| 008 - FIXED-LENGTH DATA ELEMENTS--GENERAL INFORMATION | |
| fixed length control field | 260102b |||||||| |||| 00| 0 eng d |
| 020 ## - ISBN | |
| International Standard Book Number | 9789349202979 |
| Price | Rs. 400.00 |
| 040 ## - CATALOGING SOURCE | |
| Original cataloging agency | VIVEKANANDA LIBRARY |
| 082 ## - DDC NUMBER | |
| Classification number | 371.904 |
| Book Number | Y11N |
| 100 ## - MAIN ENTRY--PERSONAL NAME | |
| Personal name | Yadav, Priyanka |
| 245 ## - TITLE STATEMENT | |
| Title | Nyaysangat aur samaveshi shiksha |
| 260 ## - PUBLICATION, DISTRIBUTION, ETC. (IMPRINT) | |
| Name of publisher, distributor, etc | V R Book International |
| Date of publication, distribution, etc | 2025 |
| Place of publication, distribution, etc | New Delhi |
| 300 ## - PHYSICAL DESCRIPTION | |
| Pages | 107 |
| 650 ## - Subject | |
| Subject | Education |
| 650 ## - Subject | |
| Subject | Inclusive Education |
| 700 ## - Added Entry Personal Name | |
| Added Entry Personal Name | Jat, Parveen Kumar |
| 942 ## - ADDED ENTRY ELEMENTS (KOHA) | |
| Koha item type | Books |
| Withdrawn status | Lost status | Source of classification or shelving scheme | Damaged status | Not for loan | Location (home branch) | Sublocation or collection (holding branch) | Shelving location | Date acquired | Koha issues (times borrowed) | Koha full call number | Accession No. | Koha date last seen | Koha item type |
|---|---|---|---|---|---|---|---|---|---|---|---|---|---|
| Dewey Decimal Classification | VIVEKANANDA LIBRARY | VIVEKANANDA LIBRARY | Centre for Disability Studies | 03/12/2025 | 371.904 Y11N | 443476 | 03/12/2025 | Books | |||||
| Dewey Decimal Classification | VIVEKANANDA LIBRARY | VIVEKANANDA LIBRARY | Centre for Disability Studies | 03/12/2025 | 371.904 Y11N | 443475 | 03/12/2025 | Books | |||||
| Dewey Decimal Classification | VIVEKANANDA LIBRARY | VIVEKANANDA LIBRARY | Centre for Disability Studies | 03/12/2025 | 371.904 Y11N | 443478 | 03/12/2025 | Books | |||||
| Dewey Decimal Classification | VIVEKANANDA LIBRARY | VIVEKANANDA LIBRARY | Centre for Disability Studies | 03/12/2025 | 371.904 Y11N | 443474 | 03/12/2025 | Books | |||||
| Dewey Decimal Classification | VIVEKANANDA LIBRARY | VIVEKANANDA LIBRARY | Centre for Disability Studies | 03/12/2025 | 371.904 Y11N | 443477 | 03/12/2025 | Books |
